[Event "ESP-ch U14"]
[Site "Salobrena"]
[Date "2021.07.16"]
[Round "7"]
[White "Munoz Romero, Pedro"]
[Black "Rodriguez Salvador, Daniel"]
[Result "1/2-1/2"]
[WhiteElo "1718"]
[BlackElo "1573"]
[PlyCount "87"]
[EventDate "2021.07.12"]
[EventType "swiss"]
[EventRounds "9"]
[EventCountry "ESP"]
[SourceTitle "EXT 2022"]
[Source "ChessBase"]
[SourceDate "2021.10.06"]
[SourceVersion "1"]
[SourceVersionDate "2021.10.06"]
[SourceQuality "1"]

1. e4 c5 2. Nf3 d6 3. d4 cxd4 4. Nxd4 Nf6 5. Nc3 a6 6. h3 e5 7. Nde2 h5 8. Bg5 Be6 9. Ng3 Nbd7 10. Nf5 Bxf5 11. exf5 Be7 12. Bc4 Rc8 13. Bxf6 Nxf6 14. Bb3 Qa5 15. Qd2 0-0 16. 0-0-0 Rxc3 17. Qxc3 Qxc3 18. bxc3 Ne4 19. Rhf1 Nxc3 20. Rd3 Ne2+ 21. Kd1 Nf4 22. Rf3 b5 23. h4 a5 24. g3 Nh3 25. Bd5 Rc8 26. Rh1 Rc5 27. Bxf7+ Kxf7 28. Rxh3 Kf6 29. Rh1 d5 30. Re1 e4 31. Rfe3 Kxf5 32. f3 Rc4 33. fxe4+ dxe4 34. Rf1+ Ke5 35. Rf7 Bf6 36. Rb7 Rc5 37. Rb3 b4 38. a3 bxa3 39. R3b5 Kd4 40. Rb3 a2 41. Ra3 a1Q+ 42. Rxa1 Ke3 43. Rb3+ Kf2 44. Ra4 1/2-1/2

[Event "ESP-ch U14"]
[Site "Salobrena"]
[Date "2021.07.15"]
[Round "6"]
[White "Rodriguez Salvador, Daniel"]
[Black "Robledo Sanchez, Saul"]
[Result "1/2-1/2"]
[WhiteElo "1573"]
[BlackElo "1743"]
[PlyCount "60"]
[EventDate "2021.07.12"]
[EventType "swiss"]
[EventRounds "9"]
[EventCountry "ESP"]
[SourceTitle "EXT 2022"]
[Source "ChessBase"]
[SourceDate "2021.10.06"]
[SourceVersion "1"]
[SourceVersionDate "2021.10.06"]
[SourceQuality "1"]

1. d4 Nf6 2. c4 g6 3. Nc3 d5 4. cxd5 Nxd5 5. e4 Nxc3 6. bxc3 Bg7 7. Nf3 c5 8. Bb5+ Bd7 9. Be2 0-0 10. 0-0 Nc6 11. h3 Qa5 12. Qd3 Rfd8 13. Be3 Qa3 14. Rfd1 cxd4 15. cxd4 Qxd3 16. Rxd3 b6 17. Rad1 f5 18. e5 Nb4 19. R3d2 Nd5 20. Bc4 e6 21. Rc1 f4 22. Bxd5 fxe3 23. Rdc2 exf2+ 24. Kxf2 exd5 25. Rc7 Bh6 26. R1c3 Rac8 27. Rxd7 Rxd7 28. Rxc8+ Kf7 29. Kg1 Kg7 30. Kf2 Kf7 1/2-1/2

[Event "ESP-ch U14"]
[Site "Salobrena"]
[Date "2021.07.14"]
[Round "5"]
[White "Cereijo Suarez, Alejandro"]
[Black "Rodriguez Salvador, Daniel"]
[Result "1/2-1/2"]
[WhiteElo "1873"]
[BlackElo "1573"]
[PlyCount "119"]
[EventDate "2021.07.12"]
[EventType "swiss"]
[EventRounds "9"]
[EventCountry "ESP"]
[SourceTitle "EXT 2022"]
[Source "ChessBase"]
[SourceDate "2021.10.06"]
[SourceVersion "1"]
[SourceVersionDate "2021.10.06"]
[SourceQuality "1"]

1. d4 Nf6 2. c4 e6 3. Nf3 Bb4+ 4. Nbd2 d5 5. e3 0-0 6. a3 Be7 7. Bd3 b6 8. e4 dxe4 9. Nxe4 Nbd7 10. 0-0 Bb7 11. Qe2 c5 12. Rd1 Qc7 13. Bg5 Rfe8 14. dxc5 Nxe4 15. Bxe7 Rxe7 16. cxb6 Qxb6 17. Bxe4 Bxe4 18. Qxe4 Rc8 19. b4 a5 20. c5 Qa6 21. Qd3 Qxd3 22. Rxd3 Nf6 23. Rb1 axb4 24. axb4 Kf8 25. Ne5 Rb7 26. Rdb3 Ke7 27. Rc1 Rb5 28. g3 Ne4 29. Nd3 Nd2 30. Ra3 Nf3+ 31. Kg2 Nd4 32. Ra7+ Kf6 33. Rc4 e5 34. f4 Ke6 35. Nxe5 Nf5 36. Kf3 f6 37. Nd3 Kd5 38. Nb2 Rcb8 39. Ra4 Nd4+ 40. Kg4 Re8 41. Ra6 Nc6 42. Rb6 Rb8 43. Rxb8 Rxb8 44. Rc2 Rxb4 45. Rd2+ Rd4 46. Rxd4+ Nxd4 47. Na4 f5+ 48. Kg5 Nf3+ 49. Kxf5 Nxh2 50. Nb6+ Kxc5 51. Nd7+ Kd6 52. Nf8 h5 53. Kg5 Nf1 54. Kh4 Ke7 55. Ng6+ Kf6 56. Nf8 g6 57. Nd7+ Kf5 58. Nb6 Ne3 59. Kh3 g5 60. fxg5 1/2-1/2

[Event "ESP-ch U14"]
[Site "Salobrena"]
[Date "2020.08.03"]
[Round "1"]
[White "Siscar Conill, Aitor"]
[Black "Rodriguez Salvador, Daniel"]
[Result "1-0"]
[WhiteElo "1826"]
[BlackElo "1511"]
[PlyCount "79"]
[EventDate "2020.08.03"]
[EventType "swiss"]
[EventRounds "9"]
[EventCountry "ESP"]
[SourceTitle "EXT 2021"]
[Source "ChessBase"]
[SourceDate "2020.10.23"]
[SourceVersion "1"]
[SourceVersionDate "2020.10.23"]
[SourceQuality "1"]

1. e4 c5 2. Nf3 d6 3. Bb5+ Bd7 4. Bxd7+ Qxd7 5. 0-0 Nc6 6. b3 Nf6 7. Re1 g6 8. Bb2 Bg7 9. d4 cxd4 10. Nxd4 0-0 11. c4 Rac8 12. Nc3 Rfd8 13. Nd5 Ne8 14. Qd2 e5 15. Nb5 Ne7 16. Nxa7 Ra8 17. Nb6 Qg4 18. Nxa8 Rxa8 19. Nb5 Rd8 20. Rad1 Nf6 21. Qe2 Qe6 22. c5 Ne8 23. cxd6 Nxd6 24. Nxd6 Rxd6 25. Rxd6 Qxd6 26. Rd1 Qb8 27. Rd7 Nc6 28. Qc4 Nd8 29. Qd5 Ne6 30. Qxb7 Qxb7 31. Rxb7 h6 32. b4 Kf8 33. a4 Nd8 34. Rd7 Nc6 35. b5 Na5 36. Ba3+ Ke8 37. Re7+ Kd8 38. Rxf7 Nc4 39. Be7+ Ke8 40. Rxg7 1-0